00398nam a22001337a 4500010001500000020002600015035001400041082000800055100002300063245005200086260003500138270007200173300001900245 aENG-138251 c495.00a9788189516406 aEN-121783 a921 aGupta, Kamal Nayan aThe Great Women of India/cBy Kamal Nayan Gupta aJaipurbanupam prakashanc2021 aF-11,S.G.M. house, Natanion ka rasta chaura rastabjaipure03 (raj) a154p.c22cmhbk